000 01068nam a22003257a 4500
003 CHAP
005 20220329135203.0
008 971013s1982 r 00010 d
010 _a32313
011 _a33285
035 _a37400
040 _cCHAP
090 _aTesis
100 0 0 _aCruz Ceballos, Jorge Mateo.
_929327
245 _aProyecto meleagrícola de la Comisión del Lago de Texcoco, S.A.R.H.
260 _aMéxico, D.F. :
_bEl autor,
_c1982
300 _a78 h.
502 _aTesis (Médico Veterinario Zootecnista) -- UNAM. Fac. de Medicina Veterinaria y Zootecnia
590 _aALEPH
_b10
_c20130110
_lUCH01
_h1255
590 _aBATCH-UPD
_b10
_c20130110
_lUCH01
_h1123
590 _aBATCH-UPD
_b10
_c20130410
_lUCH01
_h0712
590 _aBATCH-UPD
_b10
_c20130914
_lUCH01
_h0454
590 _aCONVERSION
_b10
_c20130109
_lUCH01
_h1318
650 1 4 _aAvicultura
_xMéxico (Edo.)
_98742
650 1 4 _aPavos.
_986300
710 0 _aComisión del Lago de Texcoco. México.
_925695
901 _aBK
942 _cTESIS
949 _bBC
_cTES
_d-85708
_eTS1
_i37400
_si
999 _c32313
_d32313